TRÁFEGO DE SEGURANÇA - Statistics

Estatísticas Gerais
  • Esse quiz foi jogado 86 vezes
  • A pontuação média é 8 de 23
Estatísticas das Respostas
Hint Resposta % Correto
Velocidade de Subida 90
80%
Velocidade de Nivelamento 100
77%
A quem cabe decidir o momento correto de declarar o Tráfego de Segurança Torre
77%
Altitude do Tráfego 3500
73%
________ / ________ / ________ Santa Cruz das PalmeirasVenda Branca Usina Cresciumal
57%
Proa a ser mantida 110
37%
Altitude do Tráfego 3000
37%
Ação a ser tomada: _________ e _________ Recolher o trem de pousoDesligar o farol de táxi
33%
Altitude do Tráfego 3000
30%
Altitude a atingir 3000
30%
Ordem de informação às aeronaves (FREQUÊNCIA): 1º - Aeronaves na escuta de _____ 2º - Aeronaves na escuta de _____ SOLARARGOS
30%
Em caso de urgência ou socorro, se a aeronave decidir pousar na AFA ____ (antes/após) passagem pela linha de confirmação de emergência, a torre acionará um _______ e declarará ________ ApósAlarme sonoro Tráfego de segurança
27%
Ação a ser tomada: Deverão __________ e __________ Pousar final Livrar a pista
27%
Em caso de acidente CONSUMADO, independente da localização do sinistro, será OBRIGATÓRIO _________ de todas as aeronaves Pouso final
27%
Após cessado o tráfego de segurança, todas as aeronaves em missão de TRÁFEGO, mesmo que em voo isolado, deverão realizar tráfego para __________ Pouso final
27%
Ação a ser tomada: Realizar __________ no __________ 180 graus de curvaSentido do tráfego
23%
Acusar abandono do tráfego no través do(a) ________ Ponte do rio Mogi-Guaçu
23%
Descer com ___ kt e ___ pol para ____ ft no _______ 100 15 3000 enquadramento da pista de táxi
20%
Ação a ser tomada: __________, __________, seguir na reta __________ Arremeter no arAbandonar o circuito de tráfego na perna de través Paralelo ao eixo Saturno-Ginásio
20%
Será informado após __________ para regresso realizando tráfego normalmente A última aeronave do tráfego pousar
20%
Curvar para a ___________ quando a aeronave precedente __________ Perna de travésCruzar a linha 3-9 horas
20%
Curvar para a ____________ quando a aeronave precedente __________ ou no __________ Perna de travésCruzar a linha 3-9 horas Través da cabeceira oposta
20%
Sobre o(a) __________, curvar para o(a) __________ e __________ realizando tráfego normal para __________ Pista de táxiPerna de través Perna do vento Pouso final
20%
Nenhum quiz correspondente encontrado
Distribuição das Pontuações
Porcentagem de Pessoas com Cada Pontuação
Percentil de Números Respondidos
Sua Pontuação Histórica
Você não jogou esse quiz